The Olympic games a social science perspective
Saved in:
| Main Author: | |
|---|---|
| Other Authors: | |
| Format: | Book |
| Language: | English |
| Published: |
Wallingford, Oxfordshire, UK Cambridge, MA
CABI Pub.
c2007
|
| Edition: | 2nd ed |
| Subjects: | |
| Tags: |
Add Tag
No Tags, Be the first to tag this record!
|
| Call Number : | GV721.5 .T64 2007 |
MARC
| LEADER | 00000pam a2200000 a 4500 | ||
|---|---|---|---|
| 001 | 21979 | ||
| 003 | MY-KLNDU | ||
| 005 | 20241218080831.0 | ||
| 008 | t2007 xxk d a 1 engdc | ||
| 020 | 0 | 0 | |a 9780851998091(pbk) |
| 035 | |a 0000036646 | ||
| 039 | 9 | |a 201001290928 |b rahman |c 200911181408 |d VLOAD |c 200911181228 |d VLOAD |y 200910091713 |z VLOAD | |
| 090 | |a GV721.5 |b .T64 2007 | ||
| 100 | 1 | 0 | |a Toohey, Kristine |
| 245 | 1 | 4 | |a The Olympic games |b a social science perspective |c Kristine Toohey and A.J. Veal |
| 250 | 0 | 0 | |a 2nd ed |
| 260 | 0 | 0 | |a Wallingford, Oxfordshire, UK |a Cambridge, MA |b CABI Pub. |c c2007 |
| 300 | |a xiv, 348p. |b ill. |c 23cm | ||
| 504 | 0 | 0 | |a Includes bibliographical references and index |
| 591 | |a 0000007349 |b 06/02/09 |c 0200-07 |d 1 |e RM154 |f 1 |g 154 |h INNOWAWASAN SDN.BHD. | ||
| 592 | |a INN/0590 |b 01/07/09 |c RM154 |d 1 |e 154 | ||
| 650 | 0 | 0 | |a Olympics |x Social aspects |
| 650 | 0 | 0 | |a Olympics |x History |
| 700 | 1 | 1 | |a Veal, Anthony James |
| 999 | |a vtls000031720 |c 21979 |d 21979 | ||


